000 00647nam a2200181 a 4500
005 20140412111342.0
008 040517s19uu xx 00 eng d
020 _a0-590-44357-7
050 _aTR(PS E
_bTr76 1989
100 _aScieszka, Jon
245 _aTrue story of the 3 little pigs! (The) :
_bby A. Wolf; as told to jon Scieszka; illustrated by Lane Smith.
260 _aNew York:
_bScholastic Inc.,
_c1989.
300 _a[28] p; ; ill.
520 _aThe wolf gives is own outlandish version of what really happened when he tangled with the three little pigs.
650 _aWolves--Fiction
650 _aPigs--Fiction
999 _c105140
_d105140